MARC

LEADER 00000nam0a2200000 4500
001 152689
005 20231101221634.0
020 |a RU  |b 86-19049 
035 |a (RuTPU)RU\TPU\book\165547 
090 |a 152689 
100 |a 20090204d1986 m y0rusy5003 ca 
101 1 |a rus  |c bel 
102 |a RU 
105 |a a z 000ay 
200 1 |a Повести  |e авториз. пер. с белорус.  |f И. П. Шамякин  |g худож. В. Фанихов 
210 |a Москва  |c Советский писатель  |d 1986 
215 |a 528 с.  |c портр., ил. 
606 1 |a Белорусская литература  |2 stltpush  |3 (RuTPU)RU\TPU\subj\28192  |9 51766 
610 1 |a Партизанское движение в Великой Отечественной войне 1941-1945 гг. 
610 1 |a Женщина в Великой Отечественной войне 1941-1945 гг. 
610 1 |a Белоруссия 
610 1 |a военная проза 
610 1 |a повести 
675 |a 882.6 
700 1 |a Шамякин  |b И. П.  |g Иван Петрович 
702 1 |a Фанихов  |b В.  |g Владимир  |4 440 
801 0 |a RU  |b RuMRKP  |c 19950704  |g psbo 
801 1 |a RU  |b 63413507  |c 20090204  |g PSBO 
801 2 |a RU  |b 63413507  |c 20200525  |g PSBO 
942 |c BK